Filosofía social : (Record no. 157383)

MARC details
000 -LEADER
campo de control de longitud fija 01567nam a2200265 i 4500
001 - NÚMERO DE CONTROL
campo de control 157383
003 - IDENTIFICADOR DE NÚMERO DE CONTROL
campo de control ES-MaACL
005 - FECHA Y HORA DE LA ÚLTIMA TRANSACCIÓN
campo de control 20250819051803.0
008 - DATOS DE LONGITUD FIJA--INFORMACIÓN GENERAL
campo de control de longitud fija 960320s1860 sp |||| | spa d
040 ## - FUENTE DE CATALOGACIÓN
Centro/agencia transcriptor ES-MaACL
100 1# - ENTRADA PRINCIPAL--NOMBRE DE PERSONA
Nombre de persona Leal, José Román.
9 (RLIN) 128801
Término indicativo de función/relación Autor
245 10 - MENCIÓN DEL TÍTULO
Título Filosofía social :
Resto del título discursos pronunciados en el Ateneo Científico y Literario de Madrid /
Mención de responsabilidad, etc. por José Román Leal.
260 ## - PUBLICACIÓN, DISTRIBUCIÓN, ETC.
Lugar de publicación, distribución, etc. Madrid :
Nombre del editor, distribuidor, etc. [s.n.],
Fecha de publicación, distribución, etc. 1860
Fabricante (Imp. de Luis Beltrán)
300 ## - DESCRIPCIÓN FÍSICA
Extensión 328 páginas ;
Dimensiones 22 cm.
505 8# - NOTA DE CONTENIDO CON FORMATO
Nota de contenido con formato Introducción ; Filosofía del hombre ; Unidad de la especie humana ; Origen del hombre ; Fuentes históricas ; Formación de las sociedades ; Primeras civilizaciones ; Símbolos y emblemas ; Instituciones ; Libertades de occidente ; Constitución de Roma ; Revolución social ; Fórmulas filosóficas ; Necesidades ; Proudhon ; Teorías económicas ; Infortunios sociales ; Desarrollo industrial ; Equilibrio social ; Problemas filosóficos ; Destino racional del hombre
530 ## - NOTA DISPONIBLE DE FORMULARIO FÍSICO ADICIONAL
Nota de formato físico adicional disponible Disponible en formato digital
594 ## - NOTA AL TITULO Y MENCION DE RESPONSABILIDAD
Nota Recoge, según el autor en el prólogo, textos de las conferencias dadas en el Ateneo, pero sin especificar fechas.
610 24 - PUNTO DE ACCESO ADICIONAL DE MATERIA--NOMBRE DE ENTIDAD CORPORATIVA
Nombre de entidad corporativa o nombre de jurisdicción como elemento de entrada Ateneo de Madrid-
Subdivisión de forma Conferencias-
Subdivisión cronológica S.XIX.
9 (RLIN) 1910
650 04 - PUNTO DE ACCESO ADICIONAL DE MATERIA--TÉRMINO DE MATERIA
Término de materia o nombre geográfico como elemento de entrada Ciencias sociales-
Subdivisión general Filosofía
9 (RLIN) 10993
852 ## - LOCALIZACIÓN
Ubicación ES-MaACL
Ubicación en estantería Sala Pecera Planta 2
Número de control de estantería F-11541
Encuadernación Holandesa
856 ## - LOCALIZACIÓN Y ACCESO ELECTRÓNICOS
Identificador Uniforme de Recursos <a href="https://patrimoniodigital.ucm.es/s/patrimonio/item/635559">https://patrimoniodigital.ucm.es/s/patrimonio/item/635559</a>
Texto de enlace Versión en línea
Nota pública (Patrimonio Digital Complutense)
942 ## - ELEMENTOS DE ENTRADA SECUNDARIOS (KOHA)
Tipo de ítem Koha Libro impreso antiguo
Suprimir en OPAC No
Holdings
Estatus retirado Estado de pérdida Fuente del sistema de clasificación o colocación Estado de daño No para préstamo Colección Biblioteca de origen Biblioteca actual Ubicación en estantería Fecha de adquisición Total de préstamos Signatura topográfica completa Código de barras Visto por última vez Tipo de ítem Koha
    Clasificación decimal universal     Colección digital Biblioteca del Ateneo de Madrid Biblioteca del Ateneo de Madrid Sala Pecera Planta 2 17/01/2008   F-11541 1164700 23/02/2023 Libro impreso antiguo